ARRUPE JESUIT UNIVERSITY

CORONAVIRUS -STOP THE SPREAD - CLEAN,DISINFECT,COVER
Normal view MARC view

Entry Geographic Name

Number of records used in: 2

001 - CONTROL NUMBER

  • control field: 43961

003 - CONTROL NUMBER IDENTIFIER

  • control field: ARRUPE

005 - DATE AND TIME OF LATEST TRANSACTION

  • control field: 20190110115829.0

008 - FIXED-LENGTH DATA ELEMENTS

  • fixed length control field: 190110|| aca||aabn | a|a d

040 ## - CATALOGING SOURCE

  • Original cataloging agency: ARRUPE
  • Transcribing agency: ARRUPE

151 ## - HEADING--GEOGRAPHIC NAME

  • Geographic name: Europe
  • General subdivision: History.

670 ## - SOURCE DATA FOUND

  • Source citation: Work cat.: (ARRUPE)0: Fisher, H. A. L. (Herbert Albert Laurens), 1865-1940. 43960, A history of Europe ..., 1960.

 

Arrupe Library. PO Box MP320 Mt Pleasant, Harare, Zimbabwe
263 242 745411|librarian@aju.ac.zw